|
|
|
|
| LEADER |
00000naa0a2200000 4500 |
| 001 |
596362 |
| 005 |
20250331154900.0 |
| 035 |
|
|
|a (RuTPU)RU\TPU\tpu\19066
|
| 090 |
|
|
|a 596362
|
| 100 |
|
|
|a 20101228d2004 k||y0rusy50 ba
|
| 101 |
0 |
|
|a eng
|
| 102 |
|
|
|a NL
|
| 200 |
1 |
|
|a Resolution of the overlapping peaks in the case of linear sweep an-odic stripping voltammetry via curve fitting
|f S. V. Romanenko, A. G. Stromberg , E. V. Selivanova
|
| 333 |
|
|
|a В фонде НТБ ТПУ отсутствует
|
| 461 |
|
|
|t Chemometrics and Intelligent laboratory systems
|c [Б. м.]
|n [Б. и.]
|d 2004
|
| 463 |
|
|
|t Vol. 73
|v P. 7-13
|d 2004
|
| 610 |
1 |
|
|a труды учёных ТПУ
|
| 700 |
|
1 |
|a Romanenko
|b S. V.
|
| 701 |
|
1 |
|a Stromberg
|b A. G.
|c Russian Chemist Analyst
|c An expert in classical polarography and stripping voltammetry (SVA)
|f 1910-2004
|g Armin Genrikhovich
|3 (RuTPU)RU\TPU\pers\27371
|
| 701 |
|
1 |
|a Selivanova
|b E. V.
|
| 801 |
|
1 |
|a RU
|b 63413507
|c 20101228
|
| 942 |
|
|
|c CR
|